| 000 | 00483nam a2200145Ia 4500 | ||
|---|---|---|---|
| 008 | 170221s9999 xx 000 0 und d | ||
| 100 | _aDagmar Weberova | ||
| 245 | _aAge and Gender Motivating Differences of Slovak Workers | ||
| 245 | _cDagmar Weberova, Miloš Hitka, Lenka Lizbetinova | ||
| 260 | _bInternational Review of Management and Marketing | ||
| 260 | _cFebruary 2016 | ||
| 300 | _a5 : 1 | ||
| 650 | _xMarketing. | ||
| 856 | _uhttp://www.econjournals.com/index.php/irmm | ||
| 999 |
_c309899 _d309899 |
||